Estudios Cinematográficos : censura cinematográfica y otros incovenientes /

Publicación periódica de actualización técnica y académica del Centro Universitario de Estudios Cinematográficos (CUEC) de la UNAM fundada en 1994 y que dedica cada uno de sus números a un ámbito del quehacer y campo fílmicos. Estudios Cinematográficos, considerada la mejor revista mexicana especial...

Ամբողջական նկարագրություն

Պահպանված է:
Մատենագիտական մանրամասներ
Այլ հեղինակներ: Casas, Armando (dirección) (dirección), Peláez, Rodolfo (edición) (edición)
Ձևաչափ: Գիրք
Լեզու:իսպաներեն
Հրապարակվել է: México : UNAM, Centro Universitario de Estudios Cinematográficos, 2011
Շարք:(Estudios Cinematográficos ; 34)
Խորագրեր:
Ցուցիչներ: Ավելացրեք ցուցիչ
Չկան պիտակներ, Եղեք առաջինը, ով նշում է այս գրառումը!

MARC

LEADER 00000nam^a2200000^a^4500
001 000320226
005 20250521000000.0
009 20260310113506.898
022 |a 0188-8056 
037 |a Acervo ITESO - Biblioteca 
041 |a ESP 
082 |a 302. 23505  |b EST V. 34 
240 1 1 |a [Estudios Cinematográficos] 
245 0 0 |a Estudios Cinematográficos :  |b censura cinematográfica y otros incovenientes /  |c Dir. de A. Casas ; ed. de R. Peláez. 
264 1 |a México :  |b UNAM, Centro Universitario de Estudios Cinematográficos,  |c 2011 
300 |a 80 p. 
336 |a texto  |b txt  |2 rdacontenido 
337 |a sin mediación  |b n  |2 rdamedio 
338 |a volumen  |b nc  |2 rdasoporte 
440 1 |a (Estudios Cinematográficos ;  |v 34) 
520 |a Publicación periódica de actualización técnica y académica del Centro Universitario de Estudios Cinematográficos (CUEC) de la UNAM fundada en 1994 y que dedica cada uno de sus números a un ámbito del quehacer y campo fílmicos. Estudios Cinematográficos, considerada la mejor revista mexicana especializada en cine que surgió en la década de 1990, generó –luego de agotarse el tiraje de varios de sus números- una colección de libros llamada Cuadernos de Estudios Cinematográficos, formada por compilaciones de colaboraciones aparecidas anteriormente en la revista. 
520 |a El número 34 de la revista está dedicado en la censura cinematográfica, sección a la que precede un cuarteto de colaboraciones sobre tres prestigiosos directores, y tiene el siguiente índice: 1) Carlos Saura: "seguir luchando por nuestra obra", por Juan Mora Catlett; 2) "El musical, la maravillosa libertad de experimentar", Carlos Saura, entrevistado por Roberto Fiesco Trejo; 3) Werner Herzog: la verdad está anclada a la poesía, por Juan Mora Catlett; 4) Russell Porter: un documental debe hablar de la universalidad de la experiencia humana, por Juan Mora Catlett; 5) Bucareli 113: los orígenes de la censura en México, por María de los Angeles Magdaleno Cárdenas; 6) La censura hoy, por Luis Tovar; 7) La censura derrotada y el Canal 6 de Julio, por Carlos Mendoza; 8) México: terreno fértil para la construcción de una industria cinematográfica, por Georgina González; 9) Vinieron la censura... y los cambios: Ismael Rodríguez hijo y Ana Luisa Peluffo, por Adriana Fernández; 10) Las nuevas censuras, por Carlo Lizzani, y 11) Censura y libertad: una mirada del Este, por Andrzej Wajda. 
649 |a XX 
650 |a Cineastas Alemanes -  |x Entrevistas 
650 |a Cineastas Españoles -  |x Entrevistas 
650 |a Cineastas Mexicanos -  |x Entrevistas 
650 |a Actores Mexicanos -  |x Entrevistas 
650 |a Censura -  |z México -  |x Historia -  |y Siglo XX 
650 |a Censura -  |z Polonia -  |x Historia -  |y República Popular, 1945-1989 
650 |a Censura -  |x Tema Principal 
650 |a Documentales -  |z Alemania -  |x Historia y Crítica 
650 |a Documentales -  |z México -  |x Historia y Crítica 
650 |a Documentales -  |x Historia y Crítica 
650 |a Cine Alemán -  |x Historia y Crítica 
650 |a Cine Alemán -  |y Siglo XXI 
650 |a Cine Español -  |x Historia y Crítica 
650 |a Cine Español -  |y Siglo XX 
650 |a Cine Mexicano -  |x Industria y Comercio 
650 |a Cine Mexicano -  |x Historia y Crítica 
650 |a Cine Mexicano -  |y Siglo XX 
650 |a Cine Mexicano -  |y Siglo XXI 
650 |a Cine Polaco -  |x Historia y Crítica 
650 |a Cine Polaco -  |y Siglo XX 
650 |a Comunicación y Política 
650 |a Cine -  |x Publicaciones Periódicas Mexicanas -  |x Tema Principal 
650 |a Publicaciones Periódicas Mexicanas 
650 |a Herzog, Werner 
650 |a Peluffo, Ana Luisa 
650 |a Porter, Russell 
650 |a Rodríguez, Ismael, hijo 
650 |a Saura, Carlos 
650 |a Canal 6 de Julio 
700 |a Casas, Armando  |e (dirección) 
700 |a Peláez, Rodolfo  |e (edición) 
910 |a Fondo General 
920 |a Impresos - Libros 
930 |a Colección General 
905 |a 101 
901 |a 0500207453  |b IT1  |c ACC  |i C131358  |u 20250521 
902 |a https://opac.biblio.iteso.mx/vufind/Record/000320226